000 00841nam a22002897a 4500
005 20260422180023.0
008 190723b2008 xxu||||| |||| 00| 0 spa d
020 _a9788448166373
041 _aESP
082 _a371.102 H564d
100 _aHerrán Gascón, Agustín de la
_955003
100 _aParedes Labra, Joaquín
_955004
245 _aDidáctica general: la práctica de la enseñanza en educación infantil, primaria y secundaria
260 _aEspaña
260 _bMcGraw-Hill
260 _c2008
300 _a397 páginas
490 _aTemática General
650 _aMÉTODOS DE ENSEÑANZA
650 _aEDUCACIÓN PREESCOLAR
650 _aENSEÑANZA PRIMARIA
650 _aENSEÑANZA SECUNDARIA
650 _aEDUCACIÓN
650 _aCURRÍCULUM
650 _aMETODOLOGÍA DIDÁCTICA
942 _cBK
_2ddc
999 _c12161
_d12161